Paroles - Ken Kaneki Nekfeu - Statistiques

Statistiques générales
  • Ce quiz a été pris 339 fois
  • Le résultat moyen est 246 sur 419
Statistiques - réponses
Hint Réponse % Correct
en
93%
Le
93%
le
93%
Couplet 1 Un
93%
un
93%
les
91%
Les
91%
de
90%
À
87%
a
87%
à
87%
la
87%
son
87%
pleine
86%
se
86%
daron
83%
famille
83%
je
82%
du
81%
Du
81%
pète
81%
est
80%
Ken
79%
cable
78%
Si
77%
ces
76%
ne
76%
que
75%
syncope
75%
ma
73%
me
73%
pas
73%
qu'a
73%
qui
72%
tu
72%
bien
71%
dans
70%
j'ai
70%
J'ai
70%
on
70%
Couplet 2 On
70%
plus
70%
Plus
70%
comme
69%
d'un
69%
faute
69%
Petit
69%
Quand
69%
quand
69%
mais
67%
Mais
67%
changé
66%
danger
66%
sont
66%
go
65%
mes
65%
mon
65%
risques
65%
brulant
64%
est-ce
64%
et
64%
fier
64%
certifiés
63%
nan
63%
d'une
62%
éloigné
62%
Il
62%
prenant
62%
Rescapé
62%
veux
62%
Pont Kaneki
61%
au
60%
jetable
60%
j'étais
60%
sincère
60%
système
60%
cyclone
59%
fait
59%
frère
59%
l'oeil
59%
fuyais
58%
ambulance
57%
bails
57%
cops
57%
deux
57%
J'veux
57%
peines
57%
tard
57%
des
56%
qu'on
56%
rangé
56%
trajet
56%
Ou
55%
sang
55%
sortie
55%
tout
55%
coucher
54%
fasse
54%
euro
53%
l'dernier
53%
victime
53%
ai
52%
chromosomes
52%
cyclope
52%
d'se
52%
humains
52%
pour
52%
voir
52%
encore
51%
promotionne
51%
venger
51%
Gogeta
50%
loups
50%
qu'un
50%
sans
50%
face
49%
faire
49%
qu'elle
49%
noire
48%
s'écopent
48%
s'inquiète
48%
C'est
47%
c'est
47%
Inconscient
47%
inconscient
47%
mif
47%
n'essaye
47%
rode
47%
rose
47%
riches
46%
traine
46%
aux
45%
clones
45%
l'évier
45%
pensées
45%
autres
44%
avec
43%
Glorifier
43%
noires
43%
hommes
42%
surveille
42%
bagues
41%
bas
41%
j'les
41%
premiers
41%
sonne
41%
coup
40%
créé
40%
devoir
40%
éteindre
40%
finir
40%
l'alarme
40%
marques
40%
teintes
40%
ciel
39%
Générations
39%
maintenant
39%
plaindre
39%
puis
39%
temps
39%
tournesol
39%
J'prends
38%
j'vais
38%
tro-mé
38%
vers
38%
kho
36%
J'immites
35%
l'droit
35%
parles
35%
somme
35%
visage
35%
Cheetah
34%
cite-moi
34%
musique
34%
serties
34%
reconstruire
33%
passionnés
32%
sol
32%
J'prenais
31%
pomme
31%
prends
31%
soirs
31%
j'bondis
30%
d'crôme
29%
Simba
29%
Croquer
28%
d'la
28%
J'oublie
28%
j'oublie
28%
retourne
28%
c'genre
27%
man
27%
tes
27%
rap
26%
fais
25%
sites
25%
j'ressemble
23%
l'info
23%
ailes
22%
Ton
22%
ients-cli
20%
j'grandis
20%
Zelda
20%
ardeurs
19%
qu'derrière
19%
calme
18%
part
18%
qu'je
18%
qu'sur
18%
rappeurs
18%
Eux
17%
d'armes
15%
dur
15%
flûte
15%
l'usine
15%
seum
15%
certains
14%
fort
14%
déserteur
13%
l'taff
13%
solo
13%
j'rentre
12%
Soldat
12%
start-up
12%
monté
11%
ssifs-ma
11%
zer-2
11%
papiers
10%
zindav
10%
l'hacienda
9%
n'assumes
9%
Aucun quiz correspondant
Distribution des résultats
% des personnes avec chaque résultat
Percentile par nombre de réponses
Votre historique - résultats
Vous n’avez pas pris ce quiz